000
00184 a2200097 4500
020
_a
9780812033939
041
_a
spa
100
_a
Maria Rius
245
_a
La Edad Moderna
942
_c
BK
999
_c
16037
_d
16037